A digitális technológia és a játékosítás hatása a Z generáció kultúrafogyasztási szokásaira a múzeumok példáján
| Szerző: | |
|---|---|
| További közreműködők: | |
| Dokumentumtípus: | Diplomadolgozat |
| Kulcsszavak: | digitalizáció digitális kultúra interaktivitás múzeumok Z generáció |
| Online Access: | http://dolgozattar.uni-bge.hu/60228 |
MARC
| LEADER | 00000nta a2200000 i 4500 | ||
|---|---|---|---|
| 001 | dolg60228 | ||
| 005 | 20260409150150.0 | ||
| 008 | 260409suuuu hu om 000 hun d | ||
| 040 | |a BGE Dolgozattár Repozitórium |b hun | ||
| 041 | |a hu | ||
| 100 | 1 | |a Gőcze Fanni | |
| 245 | 1 | 2 | |a A digitális technológia és a játékosítás hatása a Z generáció kultúrafogyasztási szokásaira a múzeumok példáján |c Gőcze Fanni |h [elektronikus dokumentum] |
| 520 | 3 | |a A kutatás témája a Z generáció kultúrafogyasztása, ezen belül a digitalizáció és a játékosítás hatását vizsgálja a múzeumok példáján. Célja feltárni, hogy a kultúrában megjelenő változások, valamint a digitális technológia milyen hatással van a Z generáció kultúrafogyasztási szokásaira. A dolgozat olyan problémák felvetésével foglalkozik, mint a múzeumok hagyományos szerepének az elvesztése a digitalizáció hatására. Fő kutatási kérdésemként szeretném megtudni mi motiválja a Z generáció tagjait egy múzeum vagy kiállítás meglátogatására. A kutatás során kvantitatív és kvalitatív módszerrel vizsgálom a múzeumokat és a Z generáció tagjait. Kvalitatív kutatásként három interjú készült különböző tematikájú múzeumokkal. Kvantitatív kutatásként pedig egy kérdőív készült a Z generáció nagykorú tagjaival. A vizsgálat során kiderült miként próbálják elérni a múzeumok a Z generációt, és a Z generáció kultúrafogyasztási szokásait is megismerjük. | |
| 695 | |a digitalizáció | ||
| 695 | |a digitális kultúra | ||
| 695 | |a interaktivitás | ||
| 695 | |a múzeumok | ||
| 695 | |a Z generáció | ||
| 700 | 1 | |a Schultz Dr. Éva |e ths | |
| 856 | 4 | 0 | |u http://dolgozattar.uni-bge.hu/60228/1/Go%CC%8Bcze_Fanni_Szakdolgozat.pdf |z Dokumentum-elérés |
| 856 | 4 | 0 | |u http://dolgozattar.uni-bge.hu/60228/2/G%C5%91cze%20Fanni%20jav.pdf |z Dokumentum-elérés |
| 856 | 4 | 0 | |u http://dolgozattar.uni-bge.hu/60228/3/G%C5%91cze%20Fanni_konzulensi_Schultz%20%C3%89va.pdf |z Dokumentum-elérés |